000 00683nam a2200253Ia 4500
008 200601s9999 xx 000 0 und d
020 _a8124204489
050 _aREF HD 50.5
050 _b.C58 2004
100 _aClutterbuck, David.
245 4 _aThe Power of empowerment :
245 2 _ba handbook /
245 0 _cDavid Clutterbuck and Susan Kernagham.
260 _aNew Delhi :
260 _bCrest Pub. House.,
260 _c2004
300 _a256 pages :
300 _c25 cm.
500 _aInclude index.
650 _aCreative ability.
650 _aEmployee empowerment.
650 _xEmployee motivation.
650 _xManagement -- Employee participation.
999 _c363342
_d363342